000 00342nam a22001337a 4500
020 _a978-93-81318-67-6
082 _a894.812
_bSUB/O
100 _aSUBIN
245 _aORIGAMI
_bKADALASIL ROOPANGAL SRISHTIKUNNA JAPANESE KALA
260 _aTHRICHUR
_bH & C PUBLISHING HOUSE
_c2011
300 _a128
650 _aART & CRAFT
_zKERALA
942 _cBK
999 _c1011
_d1011